000 00441nam a2200193 a 4500
001 1754983874651
003 ACL
005 20250812130359.0
008 250812s2005##################000#0#eng##
020 _a9781400044184
082 0 4 _a709.73
_bUPD
100 1 _aUpdike, John,
_eauthor.
245 1 0 _aStill Looking :
260 _bKnopf,
_c2005.
300 _a250 pages
650 0 _aArt.
942 _cENGLISH
040 _aACL
_beng
_cACL
999 _c581278
_d581278